| 000 | 00505nam a2200157Ia 4500 | ||
|---|---|---|---|
| 008 | 170224s9999 xx 000 0 und d | ||
| 100 | _aKihan Kim | ||
| 245 | _aCompetition and coexistence of sports media: the case of watching the 2014 Sochi Winter Olympic Games | ||
| 245 | _cKihan Kim, Yunjae Cheong & Hyuksoo Kim | ||
| 260 | _bAsian Journal of Communication | ||
| 260 | _c2016 | ||
| 300 | _a26:5, Pages: 485-503 | ||
| 500 | _a2016 | ||
| 650 | _xCommunication Arts | ||
| 650 | _xMultimedia Arts | ||
| 999 |
_c316189 _d316189 |
||